000 00978nam a2200193Ia 4500
008 0000001989 it a 0000000000ita00
090 _aPUS00 B87w
100 1 _aBurroughs, William S.
_d1914
245 1 0 _aWilliam S. Burroughs
_c/ a cura di Cleto Polcina ; introduzione di Achille Bonito Oliva ; traduzioni Henry Martin, Anita Baruchello Tribbioli ; fotografie Ivan Della Tana, Giorgio Vasari, John Minihan
300 _a[52] p.
_c/ 26 cm.
500 _aCon el patronazgo del maestro venezolano Jesús Rafael Soto (q.e.p.d.)
600 0 0 _aBURROUGHS, WILLIAM S., 1914/
_xTRABAJOS PICTORICOS
650 1 4 _aARTE CONTEMPORANEO ESTADOUNIDENSE
650 1 4 _xCATALOGOS
650 1 4 _aPINTORES ESTADOUNIDENSES
650 1 4 _aPINTURA ESTADOUNIDENSE
700 1 _aPolcina, Cleto \ Bonito Oliva, Achille, 1939 \ Martin, Henry, tr. \ Baruchello Tribbioli, Anita \ Della Tana, Ivan \ Vasari, Giorgio \ Minihan, John
999 _c6028
_d6028
260 _aRoma : Cleto Polcina Artemoderna
_c1989